<?xml version="1.0" encoding="UTF-8"?>
<marc:record xmlns:marc="http://www.loc.gov/MARC21/slim">
   <marc:leader>00000nam a2200000 a 4500</marc:leader>
   <marc:datafield ind1="1" ind2=" " tag="100">
      <marc:subfield code="a">Mannchen, Nadine</marc:subfield>
      <marc:subfield code="4">trl</marc:subfield>
      <marc:subfield code="e">Übersetzer/-in</marc:subfield>
   </marc:datafield>
   <marc:datafield ind1=" " ind2=" " tag="653">
      <marc:subfield code="a">Kassette / Kinder- und Jugendbücher/Kinderbücher bis 11 Jahre</marc:subfield>
   </marc:datafield>
   <marc:datafield ind1=" " ind2=" " tag="653">
      <marc:subfield code="a">CD</marc:subfield>
   </marc:datafield>
   <marc:datafield ind1="0" ind2="0" tag="245">
      <marc:subfield code="a">Magic Park</marc:subfield>
   </marc:datafield>
   <marc:datafield ind1="0" ind2="0" tag="245">
      <marc:subfield code="c">Kari &amp; Tui T. Sutherland. Mit Oliver Rohrbeck. Lesefassung Britta Lang. Regie Sven Stricker</marc:subfield>
   </marc:datafield>
   <marc:datafield ind1=" " ind2="1" tag="264">
      <marc:subfield code="a">Berlin</marc:subfield>
      <marc:subfield code="b">DAV</marc:subfield>
      <marc:subfield code="c">2014</marc:subfield>
   </marc:datafield>
   <marc:datafield ind1="1" ind2=" " tag="520">
      <marc:subfield code="a">Angaben aus der Verlagsmeldung

Magic Park (Teil 2) : Ein Drache mit schlechtem Gewissen (4 CDs) / von Tui T. Sutherland, Kari Sutherland

Im geheimen Zoo für Fabelwesen ist etwas Furchtbares passiert: Die Gans, die goldene Eier legte, wurde getötet. Alle Beweise deuten auf den Drachen Scratch. Doch Zoe und Logan sind sich sicher, dass der Drache hereingelegt wurde und wollen seine Unschuld beweisen. Gelingt es ihnen nicht, droht Scratch eine schreckliche Strafe. Schlimmstenfalls soll sogar der Zoo geschlossen werden. Logan und Zoe beschleicht der Verdacht, dass jemand genau das im Schilde führt.
Das zweite »Magic Park«-Abenteuer entführt in eine fantastische Welt – gelesen von Oliver Rohrbeck.

Lesung mit Oliver Rohrbeck
4 CDs | Laufzeit ca. 316 min
</marc:subfield>
   </marc:datafield>
   <marc:datafield ind1=" " ind2=" " tag="020">
      <marc:subfield code="a">9783862314126</marc:subfield>
      <marc:subfield code="9">9783862314126</marc:subfield>
   </marc:datafield>
   <marc:datafield ind1=" " ind2=" " tag="041">
      <marc:subfield code="a">ger</marc:subfield>
   </marc:datafield>
   <marc:datafield ind1=" " ind2=" " tag="300">
      <marc:subfield code="a">4 CDs (ca. 308 Min.)</marc:subfield>
   </marc:datafield>
</marc:record>
